000 01669nam a2200517 c 4500
001 a5992936
003 PE-LiUPU
005 20250731170501.0
008 170710s2017 sp | |||| 000 0 spa
020 _a9788494679865
040 _aSpMaBN
_bspa
_cPE-LiUPU
_erda
_dPE-LiUPU
041 1 _aspa
_heng
080 _a159.955:2-584
082 _223
_a158.72482
_bB472c
100 1 _aBennington, Emily
_4aut
_0XX5749383
_eautor
245 1 0 _aCómo aplicar la inteligencia espiritual en el trabajo :
_bcon los principios de "un curso de milagros" /
_cEmily Bennington
264 _aBarcelona :
_bEl Grano de Mostaza
_c2017
300 _a202 páginas :
_c21 centímetros.
336 _aTexto (visual)
_2isbdcontent
337 _asin mediación
_2isbdmedia
505 _aLa perfección no es cuestión de grados -- El desvío hacia el miedo -- Inteligencia espiritual -- Conoce a tu nuevo mentor -- ¿Qué es un milagro? -- El instante santo -- Tu función principal -- La defensa in defensa -- El don de la alegría -- Una nueva profundidad del ser.
526 _aSEG68
526 _aSEG70
526 _aSEG69
526 _aSEG67
526 _aSEG43
526 _aP144
526 _aP143
526 _aP131
526 _aP122
526 _aP120
526 _aP117
526 _aP112
526 _aP110
526 _aP106
526 _aP101
526 _aP80
526 _aP59
526 _aP54
526 _aP35
526 _aP33
526 _aP30
650 7 _aInteligencia espiritual
_2embne
942 _2ddc
_cBK
_n0
999 _c61750
_d61750
980 _618226
_aJaime Vilcazán Jefe de Análisis Documental
_81
_gALBERTO SANCHEZ Responsable de Automatización